| 000 | 01933nab a2200265 a 4500 | ||
|---|---|---|---|
| 005 | 20250227083717.0 | ||
| 008 | 991125c2016 sp tr p o 000 0 spa d | ||
| 035 | _aUPN01000221298 | ||
| 040 |
_aUPN _bspa _cUPN _eaacr2 |
||
| 049 | _aART-E | ||
| 100 | 1 |
_aMartínez Álvarez, Lucio _6- lucio.martinez@uva.es |
|
| 100 | 1 | _aGónzalez Calvo, Gustavo | |
| 245 | 1 | 0 |
_aDocentes de carne y hueso: enseñar con cuerpo _h[recurso electrónico en línea] |
| 506 | _aAcceso abierto | ||
| 520 | 3 | _aEn este artículo queremos poner de manifiesto que el cuerpo de los docentes tienen una importancia notoria para comprender la enseñanza, la escuela y la educación. Definimos la docencia como una profesión corporal y defendemos que se preste una mayor atención a la dimensión corporal de la enseñanza, de los procesos de formación del profesorado y de la investigación en dichos campos. Apostamos por indagar, por medio de investigación narrativa entre las que se encuentran las autobiografías corporales y los diarios corporales docentes, sobre las huellas corporales que afectan a la manera en la que los docentes reconceptualizan la docencia y se implican en ella. En este artículo identificamos cuatro grandes ámbitos en los que la dimensión corporal del docente están particularmente presentes: salud y energía; emociones; comunicación y relaciones; y la imagen corporal del docente. Concluimos con tres ejemplos de temas de reflexión docente que podrían derivarse de tener en consideración la dimensión corporal de la docencia. | |
| 650 | 7 |
_aDiscurso _922657 |
|
| 650 | 0 |
_98453 _aSalud |
|
| 653 | 0 | _aFormación docente | |
| 653 | 0 | _aIdentidad docente | |
| 773 |
_gVol. 18, no. 3 (2016), p. 259-275 _tÁgora para la educación física y el deporte _x1989-7200 |
||
| 856 | 4 | _uhttps://dialnet.unirioja.es/servlet/articulo?codigo=5838032 | |
| 902 | _aGloria Jiménez/0524 | ||
| 905 | _aArticulo | ||
| 942 | _cART-E | ||
| 999 |
_c193396 _d193396 |
||